000 00643nas a22002057a 4500
001 K121117
007 ta
008 190930b2019 ||||| |||| 00| 0 eng d
041 _aeng
100 _aHames, Duncan
245 _aThere's growing attention to dirty money invested in property
260 _c2019
490 _aRICS Modus
_vSeptember 2019, 8(1)
520 _aExamines the growing problem of corruption and money laundering in property and how these issues can be addressed.
650 _aanti-money laundering
650 _acorruption
650 _abribery
651 _aUnited Kingdom
690 _96226
_aBusiness and management
999 _c121117
_d121117